000 00388nam a22001697a 4500
005 20160616124913.0
008 160616b xxu||||| |||| 00| 0 eng d
020 _a81-7022-456-X
041 _aeng
082 _b7984
100 _aDayal Ishwar
_92112
245 _aDesigning HRD Systems
260 _bConcept Company
_c1993
300 _a116
650 _aManagement
_9241
942 _cBK
999 _c2953
_d2952